[Event "Campeonato del Mundo sub-20 2010"]
[Site "Chotowa POL"]
[Date "2010.08.10"]
[Round "7.53"]
[White "Lewicki, Miroslaw"]
[Black "Guo-yuthok, Sherab"]
[Result "1-0"]
[WhiteElo "2149"]
[BlackElo "1975"]
[PlyCount "142"]
[EventDate "2010.08.03"]
[EventType "swiss"]
[EventRounds "13"]
[EventCountry "POL"]
[Source "lmi"]
[SourceDate "2010.08.03"]

1. e4 e5 2. Nf3 Nc6 3. Bb5 a6 4. Ba4 d6 5. c3 Nge7 6. d4 Bd7 7. Bb3 h6 8. Nh4
Na5 9. Bc2 Qc8 10. d5 g5 11. Nf3 Bg7 12. b4 Nc4 13. Bd3 Nb6 14. c4 Qd8 15. c5
Nbc8 16. Nfd2 Ng6 17. g3 O-O 18. Bb2 Nce7 19. Nc4 Bc8 20. Nbd2 f5 21. Qc2 b5
22. Na5 f4 23. a4 Qe8 24. c6 Rb8 25. axb5 axb5 26. Nb1 Bh3 27. Nc3 Rf7 28. Nxb5
Nc8 29. Nb7 h5 30. Ra3 Bh6 31. Be2 g4 32. Bc1 Qf8 33. Rg1 Kh7 34. Nc3 Bg5 35.
Nd1 Qh6 36. Bb2 Nb6 37. Bf1 Bxf1 38. Rxf1 Rbf8 39. Ra6 Ne7 40. Rg1 Nec8 41. Qe2
Rf6 42. Bc3 fxg3 43. hxg3 Rf3 44. Nc5 R8f7 45. Ne6 Bc1 46. Ra1 h4 47. gxh4 Bf4
48. Bd2 Qxh4 49. Bxf4 exf4 50. Ng5+ Qxg5 51. Qxf3 Rg7 52. Qd3 Qe5 53. Ra2 Rg5
54. Rxg4 Rxg4 55. Qh3+ Kg6 56. Qxg4+ Kf6 57. f3 Ne7 58. Qh4+ Kf7 59. Qh7+ Kf8
60. Qh6+ Kf7 61. Qe6+ Qxe6 62. dxe6+ Kxe6 63. Ra7 Nxc6 64. Rxc7 Ne5 65. Ke2 d5
66. Rh7 Nf7 67. Nc3 dxe4 68. Nxe4 Nd5 69. b5 Ne5 70. b6 Nc6 71. Rh6+ Kd7 1-0

[Event "Campeonato del Mundo sub-20 2010"]
[Site "Chotowa POL"]
[Date "2010.08.10"]
[Round "7.55"]
[White "Janus, Przemyslaw"]
[Black "Larmuseau, Michiel"]
[Result "0-1"]
[WhiteElo "2085"]
[BlackElo "2068"]
[PlyCount "92"]
[EventDate "2010.08.03"]
[EventType "swiss"]
[EventRounds "13"]
[EventCountry "POL"]
[Source "lmi"]
[SourceDate "2010.08.03"]

1. d4 Nf6 2. c4 e6 3. Nc3 Bb4 4. e3 b6 5. Nge2 Ne4 6. Bd2 Nxd2 7. Qxd2 Bb7 8.
a3 Be7 9. b4 a5 10. Rb1 axb4 11. axb4 O-O 12. Nf4 d6 13. Nd3 Nd7 14. f3 Bh4+
15. Nf2 e5 16. d5 f5 17. Bd3 e4 18. Be2 exf3 19. gxf3 Qg5 20. Kf1 Rfe8 21. f4
Qe7 22. Nfd1 Nf6 23. Bf3 b5 24. Nxb5 Ne4 25. Qd3 Ba6 26. Na3 Bc8 27. Nc2 Ra2
28. Rg1 Qf6 29. Rg2 Bd7 30. Nd4 Rxg2 31. Bxg2 Ba4 32. Ne6 Bxd1 33. Bxe4 Bg4 34.
Bg2 Ra8 35. h3 Bh5 36. Nd4 Ra2 37. Qxf5 Be2+ 38. Kg1 Bf2+ 39. Kh1 Qxf5 40. Nxf5
Bd3 41. Nh6+ gxh6 42. Rb3 Rd2 43. c5 Bxe3 44. cxd6 cxd6 45. Bf3 Bd4 46. b5 Bb6
0-1

[Event "Campeonato del Mundo sub-20 2010"]
[Site "Chotowa POL"]
[Date "2010.08.10"]
[Round "7.56"]
[White "Sreeves, Clement"]
[Black "Lewtak, Damian"]
[Result "1-0"]
[WhiteElo "2085"]
[BlackElo "2008"]
[PlyCount "66"]
[EventDate "2010.08.03"]
[EventType "swiss"]
[EventRounds "13"]
[EventCountry "POL"]
[Source "lmi"]
[SourceDate "2010.08.03"]

1. e4 e6 2. d4 d5 3. Nd2 dxe4 4. Nxe4 Bd7 5. Nf3 Bc6 6. Bd3 Nd7 7. O-O Ngf6 8.
Ned2 Be7 9. Nc4 O-O 10. Na5 Bxf3 11. Qxf3 c6 12. Nxb7 Qc7 13. Nc5 Nxc5 14. dxc5
Bxc5 15. Bg5 Be7 16. Rae1 h6 17. Bc1 Rfd8 18. Kh1 Rac8 19. Ba6 Ra8 20. Rg1 Rd4
21. c3 Rh4 22. g3 Rh5 23. Bd3 Rd8 24. Bc2 Bc5 25. Rg2 Re5 26. Reg1 Red5 27. g4
Nh7 28. h4 Qe5 29. g5 Bd6 30. Bxh7+ Kxh7 31. gxh6 Qh5 32. Rxg7+ Kh8 33. Qf6 Be5
1-0

[Event "Campeonato del Mundo sub-20 2010"]
[Site "Chotowa POL"]
[Date "2010.08.10"]
[Round "7.57"]
[White "Pierard, Florian"]
[Black "Parol, Pawel"]
[Result "1/2-1/2"]
[WhiteElo "2081"]
[BlackElo "1764"]
[PlyCount "36"]
[EventDate "2010.08.03"]
[EventType "swiss"]
[EventRounds "13"]
[EventCountry "POL"]
[Source "lmi"]
[SourceDate "2010.08.03"]

1. e4 e6 2. d4 d5 3. e5 c5 4. c3 Nc6 5. Nf3 Qb6 6. a3 Nh6 7. b4 cxd4 8. cxd4
Nf5 9. Be3 Bd7 10. Be2 Be7 11. Nc3 Nxe3 12. fxe3 Nxb4 13. axb4 Bxb4 14. Rc1 Rc8
15. O-O Bxc3 16. Ng5 Rf8 17. Nxh7 Rh8 18. Ng5 Rf8 1/2-1/2

[Event "Campeonato del Mundo sub-20 2010"]
[Site "Chotowa POL"]
[Date "2010.08.10"]
[Round "7.58"]
[White "Van Rensburg, Ryan Pierre"]
[Black "Zecevic, Ivan"]
[Result "1-0"]
[WhiteElo "2079"]
[BlackElo "1995"]
[PlyCount "110"]
[EventDate "2010.08.03"]
[EventType "swiss"]
[EventRounds "13"]
[EventCountry "POL"]
[Source "lmi"]
[SourceDate "2010.08.03"]

1. d4 Nf6 2. c4 g6 3. f3 Bg7 4. e4 O-O 5. Nc3 d6 6. Be3 Nbd7 7. Qd2 c5 8. Nge2
a6 9. Bh6 Bxh6 10. Qxh6 Qa5 11. h4 cxd4 12. Nxd4 Ne5 13. Qd2 Bd7 14. Be2 Rfc8
15. b3 Nc6 16. Nc2 Nb4 17. Ne3 Qe5 18. Kf2 Nh5 19. Ned5 Nxd5 20. Nxd5 Re8 21.
f4 Qg7 22. Nc7 Nf6 23. Bf3 Rac8 24. Nxe8 Nxe8 25. Rac1 Bc6 26. g4 Nc7 27. Kg3
Ne6 28. Rhd1 Nc5 29. Qe2 e5 30. Rxd6 exf4+ 31. Kh3 Qe5 32. Rcd1 Bxe4 33. Rd8+
Rxd8 34. Rxd8+ Kg7 35. Rd5 Qc3 36. Rxc5 Bxf3 37. Qe5+ Qxe5 38. Rxe5 h5 39. g5
Kf8 40. Kh2 f6 41. Re6 fxg5 42. Rf6+ Ke7 43. hxg5 Be4 44. Rxf4 Bb1 45. a3 Kd6
46. Kg3 Ke5 47. Kf3 Bc2 48. b4 Bd1+ 49. Ke3 Bg4 50. Rf7 Be6 51. Rf4 Bf5 52. c5
Kd5 53. Rxf5+ gxf5 54. Kf4 h4 55. a4 h3 1-0

[Event "Campeonato del Mundo sub-20 2010"]
[Site "Chotowa POL"]
[Date "2010.08.10"]
[Round "7.60"]
[White "Bryan-vissi, Mark"]
[Black "Drnovsek, Nejc"]
[Result "1/2-1/2"]
[WhiteElo "1847"]
[BlackElo "2173"]
[PlyCount "51"]
[EventDate "2010.08.03"]
[EventType "swiss"]
[EventRounds "13"]
[EventCountry "POL"]
[Source "lmi"]
[SourceDate "2010.08.03"]

1. e4 e5 2. Nf3 Nc6 3. Bb5 a6 4. Bxc6 dxc6 5. d4 exd4 6. Qxd4 Qxd4 7. Nxd4 Nf6
8. Nc3 Bd7 9. Be3 O-O-O 10. f3 b6 11. O-O-O Be7 12. Rhe1 c5 13. Nf5 Bxf5 14.
exf5 Bd6 15. h3 Rhe8 16. Bg5 Rxe1 17. Rxe1 Re8 18. Rxe8+ Nxe8 19. Nd5 Be5 20.
Bf4 Bxf4+ 21. Nxf4 Kd7 22. g4 Kd6 23. Kd2 Nf6 24. c4 Nd7 25. Nd3 c6 26. b3
1/2-1/2

[Event "Campeonato del Mundo sub-20 2010"]
[Site "Chotowa POL"]
[Date "2010.08.11"]
[Round "8.2"]
[White "Hammer, Jon Ludvig"]
[Black "Tomczak, Jacek"]
[Result "1-0"]
[WhiteElo "2636"]
[BlackElo "2509"]
[PlyCount "145"]
[EventDate "2010.08.03"]
[EventType "swiss"]
[EventRounds "13"]
[EventCountry "POL"]
[Source "lmi"]
[SourceDate "2010.08.03"]

1. e4 c5 2. Nf3 Nf6 3. e5 Nd5 4. Nc3 e6 5. Nxd5 exd5 6. d4 Nc6 7. dxc5 Bxc5 8.
Qxd5 Qb6 9. Bc4 Bxf2+ 10. Ke2 O-O 11. Rf1 Bc5 12. Ng5 Nxe5 13. Nxf7 Nxf7 14.
Rxf7 Qe6+ 15. Qxe6 dxe6 16. Rxf8+ Kxf8 17. Bg5 Bd7 18. Rf1+ Ke8 19. Bd3 Be7 20.
h4 Bxg5 21. hxg5 Rc8 22. g6 hxg6 23. Bxg6+ Kd8 24. Rf8+ Kc7 25. Rf7 Kd6 26.
Rxg7 Bc6 27. Bd3 Rh8 28. Ke3 Rh1 29. g4 Rh3+ 30. Kf2 e5 31. Rh7 Rf3+ 32. Ke1
Re3+ 33. Kf2 Rf3+ 34. Ke1 Re3+ 35. Kd2 Rg3 36. Be2 a5 37. Ke1 a4 38. Rh6+ Ke7
39. a3 Rg1+ 40. Kd2 Rb1 41. Bc4 e4 42. Re6+ Kd7 43. Rf6 Rg1 44. Be2 Rg3 45. Rf5
Kd6 46. Rf6+ Ke5 47. Rf5+ Kd6 48. Rg5 Ke6 49. Rc5 Kd6 50. Rc3 Rg1 51. Rh3 Rb1
52. Rg3 Rxb2 53. g5 Bd5 54. g6 Bg8 55. g7 Ke5 56. Rg6 Rb1 57. Kc3 Kf5 58. Rd6
Rg1 59. Rd7 Kf4 60. Rxb7 Ke3 61. Bb5 Kf2 62. Re7 e3 63. Bd3 Rg4 64. Kb2 Rg2 65.
c4 Ke1+ 66. Kc3 Rg3 67. c5 Rg5 68. Kb4 Kd2 69. Bb5 Bd5 70. Rd7 e2 71. Bxe2 Kxe2
72. Rxd5 Rxg7 73. c6 1-0

[Event "Campeonato del Mundo sub-20 2010"]
[Site "Chotowa POL"]
[Date "2010.08.11"]
[Round "8.5"]
[White "Saric, Ivan"]
[Black "Salem, A.R. Saleh"]
[Result "1-0"]
[WhiteElo "2584"]
[BlackElo "2469"]
[PlyCount "85"]
[EventDate "2010.08.03"]
[EventType "swiss"]
[EventRounds "13"]
[EventCountry "POL"]
[Source "lmi"]
[SourceDate "2010.08.03"]

1. e4 c5 2. Nf3 d6 3. d4 cxd4 4. Nxd4 Nf6 5. Nc3 Nc6 6. Bg5 e6 7. Qd2 a6 8.
O-O-O Bd7 9. f4 Be7 10. Nf3 b5 11. Bxf6 gxf6 12. Bd3 Qb6 13. Rhe1 O-O-O 14. Kb1
Qc5 15. Bf1 Kb8 16. a4 b4 17. Nd5 exd5 18. exd5 Ne5 19. fxe5 dxe5 20. b3 Bc6
21. Bxa6 Rxd5 22. Qe2 e4 23. Rxd5 Bxd5 24. Nh4 Bd6 25. Nf5 Be5 26. Bc4 Be6 27.
Qxe4 Bxf5 28. Qxf5 Qd4 29. Rxe5 fxe5 30. Qxf7 Rd8 31. Qe7 Qd1+ 32. Kb2 Qd6 33.
Qxh7 Qd4+ 34. Ka2 Rd7 35. Qf5 Kc7 36. Bb5 Re7 37. Qf8 Qc5 38. Bd3 Qd6 39. Qa8
Qb6 40. h4 Kd6 41. h5 e4 42. Bxe4 Ra7 43. Qd5+ 1-0

[Event "Campeonato del Mundo sub-20 2010"]
[Site "Chotowa POL"]
[Date "2010.08.11"]
[Round "8.8"]
[White "Swiercz, Dariusz"]
[Black "Bindrich, Falko"]
[Result "1/2-1/2"]
[WhiteElo "2492"]
[BlackElo "2522"]
[PlyCount "103"]
[EventDate "2010.08.03"]
[EventType "swiss"]
[EventRounds "13"]
[EventCountry "POL"]
[Source "lmi"]
[SourceDate "2010.08.03"]

1. d4 d5 2. c4 c6 3. Nf3 Nf6 4. Nc3 dxc4 5. a4 Bf5 6. e3 e6 7. Bxc4 Bb4 8. O-O
O-O 9. Qe2 Ne4 10. Bd3 Bxc3 11. bxc3 Nxc3 12. Qc2 Bxd3 13. Qxd3 Nd5 14. Ba3 Re8
15. Rab1 b6 16. Rfc1 Nf6 17. Ne5 Qd5 18. Bb2 Rc8 19. Qe2 c5 20. dxc5 bxc5 21.
Rd1 Qe4 22. Rbc1 Nc6 23. Rc4 Nd4 24. Bxd4 cxd4 25. Nc6 Re8 26. Rdxd4 Qb1+ 27.
Rd1 Qb7 28. Rdc1 h6 29. h3 Nd5 30. a5 Ne7 31. Qf3 Nxc6 32. Rxc6 a6 33. Qf4 Rec8
34. Rc7 Rxc7 35. Rxc7 Qb1+ 36. Kh2 Rf8 37. Qe5 Qb8 38. f4 Rd8 39. Qc5 Qb3 40.
Qb6 Rd3 41. Qxa6 Rxe3 42. Qa8+ Kh7 43. Qa7 e5 44. Rxf7 Rg3 45. fxe5 Rg5 46. Qf2
Qb5 47. Qc2+ Kg8 48. Rf5 Rg6 49. Qa2+ Kh7 50. Qc2 Kg8 51. Qa2+ Kh7 52. Qc2
1/2-1/2

[Event "Campeonato del Mundo sub-20 2010"]
[Site "Chotowa POL"]
[Date "2010.08.11"]
[Round "8.10"]
[White "Stupak, Kirill"]
[Black "Blomqvist, Erik"]
[Result "1/2-1/2"]
[WhiteElo "2504"]
[BlackElo "2407"]
[PlyCount "152"]
[EventDate "2010.08.03"]
[EventType "swiss"]
[EventRounds "13"]
[EventCountry "POL"]
[Source "lmi"]
[SourceDate "2010.08.03"]

1. d4 d5 2. Nf3 Nf6 3. c4 c6 4. Nc3 dxc4 5. a4 Bf5 6. g3 Na6 7. Nh4 Bg4 8. h3
Bh5 9. Bg2 e6 10. O-O Nb4 11. f4 c5 12. Be3 Nfd5 13. Nxd5 Nxd5 14. Bf2 g5 15.
fxg5 Qxg5 16. a5 O-O-O 17. Qa4 a6 18. g4 Ne3 19. Nf3 Qf4 20. Rfc1 Bg6 21. Rc3
Nxg2 22. Kxg2 Be4 23. Be3 Qc7 24. Qxc4 Bd5 25. Qd3 h5 26. g5 h4 27. Bf2 c4 28.
Qd1 Bb4 29. Rcc1 Rdg8 30. Kf1 Kb8 31. Ra4 Bxa5 32. Qc2 Bxf3 33. exf3 Rxg5 34.
Rxc4 Qd7 35. Rc5 Rd5 36. Qb3 Ka8 37. f4 Bd2 38. Rc7 Qb5+ 39. Qxb5 Rxb5 40. Rc8+
Rxc8 41. Rxc8+ Ka7 42. d5+ b6 43. d6 Rd5 44. Rc7+ Kb8 45. Rxf7 Rxd6 46. Bxh4
Rd5 47. Bf2 Rf5 48. Rxf5 exf5 49. Bxb6 Bxf4 50. Ke2 Kb7 51. Be3 Be5 52. b3 Kc6
53. h4 Kd5 54. Kd3 f4 55. Bf2 Bf6 56. h5 Bg5 57. Bd4 Bh6 58. Bc3 Bf8 59. Ba5
Ke5 60. Bc3+ Kf5 61. Bd4 Bh6 62. Ke2 Kg4 63. Kf2 Bg5 64. Be5 Bh4+ 65. Kf1 Bg5
66. Kf2 f3 67. Bd6 Bh4+ 68. Ke3 Bg5+ 69. Kf2 Bh4+ 70. Ke3 Bf6 71. Bc5 Be5 72.
Ke4 Bf4 73. Bf2 Bd2 74. Kd3 Bf4 75. Ke4 Bh6 76. Be1 Bg5 1/2-1/2

[Event "Campeonato del Mundo sub-20 2010"]
[Site "Chotowa POL"]
[Date "2010.08.11"]
[Round "8.11"]
[White "Nabaty, Tamir"]
[Black "Kanarek, Marcel"]
[Result "1/2-1/2"]
[WhiteElo "2523"]
[BlackElo "2387"]
[PlyCount "169"]
[EventDate "2010.08.03"]
[EventType "swiss"]
[EventRounds "13"]
[EventCountry "POL"]
[Source "lmi"]
[SourceDate "2010.08.03"]

1. e4 c5 2. Nf3 Nc6 3. d4 cxd4 4. Nxd4 g6 5. c4 Nf6 6. Nc3 d6 7. Be2 Nxd4 8.
Qxd4 Bg7 9. Be3 O-O 10. Qd2 a5 11. O-O a4 12. Rac1 Qa5 13. f3 Be6 14. Rc2 Rfc8
15. Rfc1 Nd7 16. Nd5 Qxd2 17. Bxd2 Kf8 18. Be3 Ra5 19. Bg5 Bxd5 20. cxd5 Rac5
21. Rxc5 Rxc5 22. b4 axb3 23. axb3 Rxc1+ 24. Bxc1 Nc5 25. Bd1 Bc3 26. Kf1 b5
27. Ke2 e6 28. dxe6 fxe6 29. Be3 Ke7 30. Bc2 e5 31. g3 Kf6 32. f4 Bb4 33. Kf3
Ne6 34. f5 Nc5 35. h4 gxf5 36. exf5 d5 37. g4 e4+ 38. Kg3 Nd7 39. Bd1 Bd6+ 40.
Bf4 Ne5 41. Be2 b4 42. Ba6 d4 43. Bb7 e3 44. Be4 e2 45. g5+ Kf7 46. Kf2 Nd3+
47. Bxd3 Bxf4 48. Bc4+ Kg7 49. Bxe2 h6 50. gxh6+ Bxh6 51. Kf3 d3 52. Bxd3 Kf6
53. Ke4 Bd2 54. Bb5 Be1 55. h5 Bd2 56. Be8 Bh6 57. Bg6 Bf8 58. Kd5 Kg5 59. Ke6
Bg7 60. Be8 Bd4 61. Bf7 Bh8 62. Be8 Bd4 63. Kd5 Bg7 64. Bg6 Bf6 65. Kc5 Be7+
66. Kc4 Bf8 67. Kd4 Bg7+ 68. Kd5 Bf6 69. Ke6 Bg7 70. Kf7 Bd4 71. Kg8 Be5 72.
Bf7 Bd4 73. Be8 Bc3 74. Kf8 Bd4 75. Bg6 Be5 76. Kg8 Bd4 77. Be8 Bc3 78. Kf8 Bd4
79. Bg6 Be5 80. Ke7 Bd4 81. Kd6 Bf6 82. Kd5 Bg7 83. Kd6 Bf8+ 84. Ke5 Bg7+ 85.
Ke4 1/2-1/2

[Event "Campeonato del Mundo sub-20 2010"]
[Site "Chotowa POL"]
[Date "2010.08.11"]
[Round "8.12"]
[White "Martinovic, Sasa"]
[Black "Dimitrov, Radoslav"]
[Result "1-0"]
[WhiteElo "2505"]
[BlackElo "2380"]
[PlyCount "203"]
[EventDate "2010.08.03"]
[EventType "swiss"]
[EventRounds "13"]
[EventCountry "POL"]
[Source "lmi"]
[SourceDate "2010.08.03"]

1. d4 d5 2. c4 e6 3. Nc3 Nf6 4. cxd5 exd5 5. Bg5 Be7 6. e3 O-O 7. Bd3 h6 8. Bh4
Be6 9. Nge2 Nbd7 10. Nf4 c5 11. Nxe6 fxe6 12. O-O a6 13. Rc1 Qe8 14. Bb1 Rc8
15. Bg3 Qf7 16. dxc5 Nxc5 17. a3 Rc6 18. b4 Ncd7 19. Ne2 Rxc1 20. Qxc1 Nb6 21.
Nf4 g5 22. Bg6 Qg7 23. Nxe6 Qxg6 24. Nxf8 Kxf8 25. Qc7 Nc4 26. Qxb7 Qd3 27.
Qxa6 Qxa3 28. Qe6 Qxb4 29. Ra1 Qb7 30. h4 Kg7 31. Rd1 Kf8 32. e4 Nxe4 33. Qxh6+
Ke8 34. Qg6+ Kf8 35. Qf5+ Kg7 36. h5 Nxg3 37. Qg6+ Kf8 38. h6 Bc5 39. Rb1 Bxf2+
40. Kh2 Nb6 41. Qf6+ Qf7 42. Qd8+ Qe8 43. Qxe8+ Kxe8 44. h7 Bd4 45. Rxb6 Ne4
46. Rb8+ Ke7 47. Kh3 Be5 48. Kg4 Bxb8 49. h8=Q Bf4 50. Qh6 Nd6 51. Kf3 Nf5 52.
Qb6 Nh4+ 53. Kf2 Nf5 54. Qg6 Nd6 55. Kf3 Ne4 56. Qc6 Nf6 57. Qc8 Be5 58. Qf5
g4+ 59. Ke3 Kd6 60. Kd3 Bb2 61. Kc2 Be5 62. Kb3 g3 63. Kb4 Ne4 64. Qf8+ Kc6 65.
Qa8+ Kd6 66. Qa6+ Kd7 67. Kb5 Bd6 68. Qb7+ Ke6 69. Kc6 Nf6 70. Qc8+ Ke7 71. Qf5
Bb8 72. Qb1 Be5 73. Qf5 Bb8 74. Qf3 Ke6 75. Qd3 Be5 76. Qb1 Bf4 77. Qb4 Kf5 78.
Kc5 Be3+ 79. Kd6 Bf4+ 80. Ke7 Bg5 81. Kf7 Ne4 82. Qd4 Nd6+ 83. Kg7 Ne8+ 84. Kf8
Nc7 85. Qd3+ Kf6 86. Qf3+ Ke5 87. Qc3+ Kd6 88. Qxg3+ Kc6 89. Qc3+ Kd7 90. Kf7
Bf4 91. g4 Ne6 92. Kf6 Bd6 93. Qb3 Be7+ 94. Ke5 Nc7 95. Qb6 Bf8 96. Qg6 Bb4 97.
Qh7+ Kc6 98. Qc2+ Kb6 99. g5 Bf8 100. g6 Bg7+ 101. Kd6 Bf8+ 102. Kd7 1-0

[Event "Campeonato del Mundo sub-20 2010"]
[Site "Chotowa POL"]
[Date "2010.08.11"]
[Round "8.16"]
[White "Rasulov, Vugar Ural"]
[Black "Salgado Lopez, Ivan"]
[Result "1-0"]
[WhiteElo "2442"]
[BlackElo "2607"]
[PlyCount "157"]
[EventDate "2010.08.03"]
[EventType "swiss"]
[EventRounds "13"]
[EventCountry "POL"]
[Source "lmi"]
[SourceDate "2010.08.03"]

1. e4 e5 2. Nf3 Nc6 3. Bb5 Nf6 4. O-O Nxe4 5. d4 Nd6 6. Bxc6 dxc6 7. dxe5 Nf5
8. Qxd8+ Kxd8 9. Nc3 h6 10. h3 Bd7 11. b3 Ne7 12. Bb2 c5 13. Rad1 Kc8 14. Rd2
b6 15. Rfd1 Be6 16. Rd8+ Kb7 17. Rxa8 Kxa8 18. Ne2 Nc6 19. Nf4 Be7 20. g4 Kb7
21. Bc3 a5 22. Ne1 a4 23. Neg2 Rf8 24. Kh2 b5 25. Ne3 Ra8 26. Kg3 g5 27. Nfd5
Bf8 28. Nf6 axb3 29. axb3 b4 30. Ba1 Ra2 31. Kf3 Ne7 32. Rc1 Kc6 33. Ke4 Bg7
34. Nh5 Bh8 35. f4 gxf4 36. Nxf4 Ng6 37. Nxe6 fxe6 38. Nc4 Kd7 39. Bb2 Bg7 40.
Ra1 Rxa1 41. Bxa1 Bf8 42. Bb2 Ne7 43. Bc1 Nd5 44. Bd2 Nb6 45. h4 Ke8 46. h5 Kf7
47. Na5 Bg7 48. Nb7 Nd7 49. Bf4 Ke8 50. Bg3 Ke7 51. Na5 Nb6 52. Bf2 Nd7 53.
Nc6+ Ke8 54. Bh4 c4 55. Bf2 cxb3 56. cxb3 Bf8 57. Kd3 Nc5+ 58. Kc4 Ne4 59. Be3
Nc3 60. g5 Nd5 61. Bd2 hxg5 62. Bxg5 Bg7 63. Kd4 Kd7 64. Nb8+ Ke8 65. Na6 Kf7
66. Nc5 Ne7 67. Bxe7 Kxe7 68. Nd3 Kf7 69. Kc5 Ke8 70. Kxb4 Kd7 71. Kc5 Bf8+ 72.
Kd4 Kc6 73. Kc4 Bg7 74. b4 Bh8 75. h6 Kd7 76. Kc5 Kc8 77. Kc6 Kd8 78. b5 Kc8
79. Nf4 1-0

[Event "Campeonato del Mundo sub-20 2010"]
[Site "Chotowa POL"]
[Date "2010.08.11"]
[Round "8.19"]
[White "Grandelius, Nils"]
[Black "Anwesh, Upadhyaya"]
[Result "1/2-1/2"]
[WhiteElo "2505"]
[BlackElo "2412"]
[PlyCount "63"]
[EventDate "2010.08.03"]
[EventType "swiss"]
[EventRounds "13"]
[EventCountry "POL"]
[Source "lmi"]
[SourceDate "2010.08.03"]

1. e4 e5 2. Nf3 Nf6 3. Nxe5 d6 4. Nf3 Nxe4 5. d4 d5 6. Bd3 Be7 7. O-O Nc6 8. c4
Nb4 9. cxd5 Nxd3 10. Qxd3 Qxd5 11. Re1 Bf5 12. g4 Bg6 13. Nc3 Nxc3 14. Qxc3 f6
15. Qxc7 O-O 16. Rxe7 Qxf3 17. Rxg7+ Kh8 18. Bh6 Qxg4+ 19. Qg3 Qxd4 20. Rc1
Rac8 21. Rxc8 Rxc8 22. h4 Re8 23. Rc7 Rg8 24. Kh2 Qd5 25. b4 Bf7 26. Rc8 Bg6
27. Qc7 Be8 28. Bg5 Qf3 29. Qf4 Qxf4+ 30. Bxf4 Bc6 31. Rxg8+ Kxg8 32. Be3
1/2-1/2

[Event "Campeonato del Mundo sub-20 2010"]
[Site "Chotowa POL"]
[Date "2010.08.11"]
[Round "8.20"]
[White "Ponizil, Cyril"]
[Black "Durarbeyli, Vasif"]
[Result "0-1"]
[WhiteElo "2406"]
[BlackElo "2501"]
[PlyCount "64"]
[EventDate "2010.08.03"]
[EventType "swiss"]
[EventRounds "13"]
[EventCountry "POL"]
[Source "lmi"]
[SourceDate "2010.08.03"]

1. e4 c5 2. Nf3 d6 3. d4 cxd4 4. Nxd4 Nf6 5. Nc3 Nc6 6. Bg5 e6 7. Qd2 Be7 8.
O-O-O a6 9. f3 Nxd4 10. Qxd4 b5 11. Kb1 Bb7 12. h4 Rc8 13. a4 O-O 14. axb5 axb5
15. Nxb5 Ra8 16. Qc3 Ra6 17. b3 Rc6 18. Bc4 Qb6 19. Qd4 Ba6 20. Qxb6 Rxb6 21.
Na3 d5 22. Bxa6 Rxa6 23. Nb5 h6 24. Bf4 dxe4 25. c4 Rfa8 26. Be5 Ra2 27. Bb2
Bb4 28. Nc7 R8a5 29. Rd8+ Kh7 30. Rb8 Bd6 31. Rb7 Rxb2+ 32. Kxb2 Be5+ 0-1

[Event "Campeonato del Mundo sub-20 2010"]
[Site "Chotowa POL"]
[Date "2010.08.11"]
[Round "8.22"]
[White "Krzyzanowski, Marcin"]
[Black "Cori, Tello Jorge Moises"]
[Result "0-1"]
[WhiteElo "2377"]
[BlackElo "2486"]
[PlyCount "78"]
[EventDate "2010.08.03"]
[EventType "swiss"]
[EventRounds "13"]
[EventCountry "POL"]
[Source "lmi"]
[SourceDate "2010.08.03"]

1. e4 e5 2. Nf3 Nc6 3. Bb5 Nf6 4. Nc3 Bb4 5. Nd5 Bc5 6. d3 Nxd5 7. exd5 Nd4 8.
Nxd4 Bxd4 9. O-O O-O 10. c3 Bb6 11. Qf3 d6 12. a4 a6 13. Bc4 a5 14. Be3 Bxe3
15. Qxe3 Bd7 16. Bb3 f5 17. f4 Re8 18. fxe5 Rxe5 19. Qf2 Qe7 20. Rae1 Re8 21.
Rxe5 Qxe5 22. d4 Qe2 23. Bc2 g6 24. Qxe2 Rxe2 25. Rf2 Re1+ 26. Rf1 Rxf1+ 27.
Kxf1 f4 28. c4 b6 29. Kf2 Kg7 30. Bd1 Kf6 31. Kf3 g5 32. h3 Bf5 33. b3 h5 34.
Kf2 g4 35. hxg4 hxg4 36. g3 Kg5 37. Kg2 Be4+ 38. Kf2 Kf5 39. b4 axb4 0-1

[Event "Campeonato del Mundo sub-20 2010"]
[Site "Chotowa POL"]
[Date "2010.08.11"]
[Round "8.23"]
[White "Huschenbeth, Niclas"]
[Black "Hamitevici, Vladimir"]
[Result "0-1"]
[WhiteElo "2459"]
[BlackElo "2411"]
[PlyCount "96"]
[EventDate "2010.08.03"]
[EventType "swiss"]
[EventRounds "13"]
[EventCountry "POL"]
[Source "lmi"]
[SourceDate "2010.08.03"]

1. e4 c5 2. Nf3 d6 3. d4 cxd4 4. Nxd4 Nf6 5. Nc3 a6 6. Bg5 e6 7. f4 Be7 8. Qf3
Qc7 9. O-O-O Nbd7 10. g4 b5 11. Bxf6 Nxf6 12. g5 Nd7 13. f5 O-O 14. fxe6 fxe6
15. Nxe6 Rxf3 16. Nxc7 Bxg5+ 17. Kb1 Rb8 18. Ne6 Bf6 19. Rxd6 Rb6 20. Rxb6 Nxb6
21. Nd5 Bxe6 22. Nxb6 Be5 23. a4 Re3 24. Bd3 Rh3 25. axb5 axb5 26. Bxb5 Rxh2
27. Rf1 h5 28. Bd7 Bxd7 29. Nxd7 Bg3 30. e5 Rf2 31. Rh1 h4 32. c4 Rd2 33. e6
Re2 34. c5 Rxe6 35. Kc2 Re2+ 36. Kb1 Re6 37. Kc2 Re2+ 38. Kb1 Re6 39. Kc2 Re1
40. Rxe1 Bxe1 41. Ne5 Bg3 42. Ng4 Kf7 43. b4 h3 44. b5 h2 45. Nxh2 Bxh2 46. Kd3
Ke6 47. Ke4 Bg1 48. c6 Bb6 0-1

[Event "Campeonato del Mundo sub-20 2010"]
[Site "Chotowa POL"]
[Date "2010.08.11"]
[Round "8.24"]
[White "Dragun, Kamil"]
[Black "Potapov, Pavel"]
[Result "0-1"]
[WhiteElo "2379"]
[BlackElo "2445"]
[PlyCount "100"]
[EventDate "2010.08.03"]
[EventType "swiss"]
[EventRounds "13"]
[EventCountry "POL"]
[Source "lmi"]
[SourceDate "2010.08.03"]

1. e4 c5 2. Nf3 Nc6 3. d4 cxd4 4. Nxd4 e5 5. Nb5 d6 6. N1c3 a6 7. Na3 Be7 8.
Nc4 b5 9. Ne3 Nf6 10. g3 O-O 11. Bg2 b4 12. Ncd5 Nxd5 13. exd5 Nd4 14. O-O Bd7
15. a3 a5 16. f4 Rc8 17. Rf2 Qb6 18. b3 Bb5 19. Bb2 Rfe8 20. Qd2 Ne2+ 21. Kh1
Nc3 22. axb4 axb4 23. h4 e4 24. Bf1 Bf6 25. Bxb5 Qxb5 26. Raf1 Qc5 27. Rg2 Ra8
28. g4 Ra2 29. Bxc3 Bxc3 30. Qe2 Bd4 31. Nf5 g6 32. Nh6+ Kg7 33. g5 Qxd5 34. f5
Rea8 35. fxg6 fxg6 36. Rg4 Ra1 37. Rgf4 Rxf1+ 38. Rxf1 e3+ 39. Kh2 Qe5+ 40. Kg2
Qe4+ 41. Qf3 Qxc2+ 42. Kh1 Qc8 43. Qe4 Be5 44. Qxe3 Qc6+ 45. Kg1 Qd5 46. Rf7+
Kh8 47. Qf3 Qc5+ 48. Kg2 Ra2+ 49. Kh3 Rh2+ 50. Kg4 Qg1+ 0-1

[Event "Campeonato del Mundo sub-20 2010"]
[Site "Chotowa POL"]
[Date "2010.08.11"]
[Round "8.25"]
[White "Sieciechowicz, Marcin"]
[Black "Bobula, Mateusz"]
[Result "0-1"]
[WhiteElo "2445"]
[BlackElo "2387"]
[PlyCount "78"]
[EventDate "2010.08.03"]
[EventType "swiss"]
[EventRounds "13"]
[EventCountry "POL"]
[Source "lmi"]
[SourceDate "2010.08.03"]

1. d4 d5 2. c4 e6 3. Nc3 c5 4. cxd5 exd5 5. Nf3 Nc6 6. g3 Nf6 7. Bg2 Be7 8. O-O
O-O 9. dxc5 Bxc5 10. Na4 Be7 11. Be3 Bg4 12. Rc1 Rc8 13. Bc5 Re8 14. h3 Bh5 15.
g4 Bg6 16. e3 h5 17. Nd4 hxg4 18. hxg4 Ne5 19. Bxa7 Rxc1 20. Qxc1 Qa5 21. Nc3
Qxa7 22. g5 Ne4 23. Nxd5 Bc5 24. Nb5 Qxa2 25. Nbc7 Rd8 26. Nf4 Qa4 27. b3 Qc6
28. Nxg6 Nxg6 29. Qc2 Qxc7 30. Bxe4 Qe7 31. Rc1 Qxg5+ 32. Kf1 b6 33. Qc4 Ne5
34. Qc3 Ng4 35. b4 Nh2+ 36. Ke1 Qg1+ 37. Ke2 Qg4+ 38. Ke1 Bxb4 39. Qxb4 Qg1+
0-1

[Event "Campeonato del Mundo sub-20 2010"]
[Site "Chotowa POL"]
[Date "2010.08.11"]
[Round "8.27"]
[White "Ter-Sahakyan, Samvel"]
[Black "Fernandez, Daniel Howard"]
[Result "1-0"]
[WhiteElo "2525"]
[BlackElo "2401"]
[PlyCount "49"]
[EventDate "2010.08.03"]
[EventType "swiss"]
[EventRounds "13"]
[EventCountry "POL"]
[Source "lmi"]
[SourceDate "2010.08.03"]

1. e4 c5 2. Nf3 d6 3. d4 cxd4 4. Nxd4 Nf6 5. Nc3 a6 6. Bg5 e6 7. f4 h6 8. Bh4
Nbd7 9. Qf3 Qc7 10. O-O-O b5 11. e5 Bb7 12. Qh3 dxe5 13. Nxe6 fxe6 14. Qxe6+
Be7 15. Bxb5 axb5 16. Nxb5 Qc6 17. Nd6+ Kd8 18. fxe5 Kc7 19. exf6 Bxf6 20. Bg3
Kd8 21. Rhe1 Bg5+ 22. Kb1 Rf8 23. Nf7+ Kc8 24. Qe8+ Bd8 25. Qxf8 1-0